<?xml version="1.0" encoding="UTF-8"?><?xml-stylesheet type="text/xsl" href="static/style.xsl"?><OAI-PMH xmlns="http://www.openarchives.org/OAI/2.0/" xmlns:xsi="http://www.w3.org/2001/XMLSchema-instance" xsi:schemaLocation="http://www.openarchives.org/OAI/2.0/ http://www.openarchives.org/OAI/2.0/OAI-PMH.xsd"><responseDate>2026-04-17T10:16:07Z</responseDate><request verb="GetRecord" identifier="oai:www.recercat.cat:10230/54979" metadataPrefix="marc">https://recercat.cat/oai/request</request><GetRecord><record><header><identifier>oai:recercat.cat:10230/54979</identifier><datestamp>2025-12-22T13:43:59Z</datestamp><setSpec>com_2072_6</setSpec><setSpec>col_2072_452952</setSpec></header><metadata><record xmlns="http://www.loc.gov/MARC21/slim" xmlns:dcterms="http://purl.org/dc/terms/" xmlns:xsi="http://www.w3.org/2001/XMLSchema-instance" xmlns:doc="http://www.lyncode.com/xoai" xsi:schemaLocation="http://www.loc.gov/MARC21/slim http://www.loc.gov/standards/marcxml/schema/MARC21slim.xsd">
   <leader>00925njm 22002777a 4500</leader>
   <datafield ind2=" " ind1=" " tag="042">
      <subfield code="a">dc</subfield>
   </datafield>
   <datafield ind2=" " ind1=" " tag="720">
      <subfield code="a">Martí-Pastor, Marc</subfield>
      <subfield code="e">author</subfield>
   </datafield>
   <datafield ind2=" " ind1=" " tag="720">
      <subfield code="a">German, Danielle</subfield>
      <subfield code="e">author</subfield>
   </datafield>
   <datafield ind2=" " ind1=" " tag="720">
      <subfield code="a">Pérez Albarracín, Glòria</subfield>
      <subfield code="e">author</subfield>
   </datafield>
   <datafield ind2=" " ind1=" " tag="720">
      <subfield code="a">Bartoll, Xavier</subfield>
      <subfield code="e">author</subfield>
   </datafield>
   <datafield ind2=" " ind1=" " tag="720">
      <subfield code="a">Díez, Elia</subfield>
      <subfield code="e">author</subfield>
   </datafield>
   <datafield ind2=" " ind1=" " tag="720">
      <subfield code="a">Pont Acuña, Àngels</subfield>
      <subfield code="e">author</subfield>
   </datafield>
   <datafield ind2=" " ind1=" " tag="720">
      <subfield code="a">Garin Boronat, Olatz, 1979-</subfield>
      <subfield code="e">author</subfield>
   </datafield>
   <datafield ind2=" " ind1=" " tag="720">
      <subfield code="a">Alonso Caballero, Jordi</subfield>
      <subfield code="e">author</subfield>
   </datafield>
   <datafield ind2=" " ind1=" " tag="720">
      <subfield code="a">Hernández, Gimena</subfield>
      <subfield code="e">author</subfield>
   </datafield>
   <datafield ind2=" " ind1=" " tag="720">
      <subfield code="a">Mayoral, Karina</subfield>
      <subfield code="e">author</subfield>
   </datafield>
   <datafield ind2=" " ind1=" " tag="720">
      <subfield code="a">Zamora, Víctor</subfield>
      <subfield code="e">author</subfield>
   </datafield>
   <datafield ind2=" " ind1=" " tag="720">
      <subfield code="a">Vilagut Saiz, Gemma, 1975-</subfield>
      <subfield code="e">author</subfield>
   </datafield>
   <datafield ind2=" " ind1=" " tag="720">
      <subfield code="a">Ferrer Forés, Maria Montserrat</subfield>
      <subfield code="e">author</subfield>
   </datafield>
   <datafield ind2=" " ind1=" " tag="260">
      <subfield code="c">2022-11-23T07:37:45Z</subfield>
   </datafield>
   <datafield ind2=" " ind1=" " tag="260">
      <subfield code="c">2022</subfield>
   </datafield>
   <datafield ind2=" " ind1=" " tag="520">
      <subfield code="a">The aim of this study was to assess health inequalities by sexual attraction in the 2016-2017 Barcelona population, stratifying by sex. &amp;lt;b&amp;gt;&amp;lt;i&amp;gt;Methods:&amp;lt;/i&amp;gt;&amp;lt;/b&amp;gt; Data came from the 2016-2017 Barcelona Health Survey, where 3362 adults answered among other instruments the EuroQol-5 dimensions-5 levels (EQ-5D-5L), which measures five dimensions and summarizes health-related quality of life into a single utility index score. To assess health differences by sexual attraction, we constructed Tobit models for the EQ-5D index score and Poisson regression models for the EQ-5D dimensions. Nested models were constructed to examine the mediating role of discrimination and health-related variables. &amp;lt;b&amp;gt;&amp;lt;i&amp;gt;Results:&amp;lt;/i&amp;gt;&amp;lt;/b&amp;gt; After adjusting for sociodemographic variables, women feeling attraction to more than one sex showed a lower EQ-5D index score (worse health) than those with only other sex attraction (-0.042, &amp;lt;i&amp;gt;p&amp;lt;/i&amp;gt; = 0.012), and higher prevalence of problems with mobility, usual activities, and anxiety/depression with the following adjusted prevalence ratios (aPR) and confidence intervals (CIs): 1.79 (95% CI 1.05-3.05), 1.84 (95% CI 1.05-3.21), and 1.76 (95% CI 1.27-2.43). Women feeling attraction only to their same sex also presented higher prevalence of anxiety/depression (aPR = 1.46, CI 95% 1.10-1.92). In contrast, differences were not observed for men. &amp;lt;b&amp;gt;&amp;lt;i&amp;gt;Conclusion:&amp;lt;/i&amp;gt;&amp;lt;/b&amp;gt; Women, but not men, feeling attraction to more than one sex and only same-sex attraction in Barcelona in 2016-2017 presented worse health than those feeling only other sex attraction, with discrimination playing a mediating role in explaining such inequalities. These results among women indicate the need to develop public health strategies in Barcelona addressed to lesbian and bisexual women, considering the intersection of gender and sexual orientation.</subfield>
   </datafield>
   <datafield tag="653" ind2=" " ind1=" ">
      <subfield code="a">LGB people</subfield>
   </datafield>
   <datafield tag="653" ind2=" " ind1=" ">
      <subfield code="a">Health behaviors</subfield>
   </datafield>
   <datafield tag="653" ind2=" " ind1=" ">
      <subfield code="a">Health survey</subfield>
   </datafield>
   <datafield tag="653" ind2=" " ind1=" ">
      <subfield code="a">Inequalities</subfield>
   </datafield>
   <datafield tag="653" ind2=" " ind1=" ">
      <subfield code="a">Quality of life</subfield>
   </datafield>
   <datafield ind2="0" ind1="0" tag="245">
      <subfield code="a">Health inequalities by sexual orientation: results from the 2016-2017 Barcelona health survey</subfield>
   </datafield>
</record></metadata></record></GetRecord></OAI-PMH>